00277nam a22001097a 4500008004100000020001800041082001100059245003600070250001600106260003500122300001000157230606b xxu||||| |||| 00| 0 eng d a9781844809424 a657.45 aAuditingcCengage Learning EMEA a9th Edition aUnited KingdombPat Bondc1978 a459 p